Čalouněný sedací a lehací nábytek na imm imm cologne 2006

Bibliographic Details
Main Author: Prokopová, Helena (Author)
Format: Article
Language:Slovak
Czech
PhysicalDescription:Fotogr.
ISSN:1335-7018
Subjects:

MARC

LEADER 00000nab a2200000 a 4500
001 vtls008836952
003 SK-MaSNL
005 20260304140018.0
008 250505c2006 xo |||||||||||000 b|slo
015 |a SNBRB2006/08  |2 snkbucl 
035 |a (uuid)c7024342-082b-4b7e-907a-44ee602166c9 
035 |a urn:nbn:sk:snk-ab9f65 
035 |a (urnnbn)urn:nbn:sk:snk:ar-a08c7b 
038 |a SNKBUCL 
040 |a SNKBUCL  |b slo  |c SNKBUCL  |e AACR2 
041 0 |a cze 
044 |a xo  |c SK 
080 |a 684.4.07:061.43  |x (100)  |2 1997 
080 |a 684.4:061.43  |x (100)  |2 1997 
080 |a 7.05:684.4:061.43  |x (100)  |2 1997 
100 1 |a Prokopová, Helena  |4 aut  |9 361323 
245 1 0 |a Čalouněný sedací a lehací nábytek na imm  |b imm cologne 2006  |c Helena Prokopová 
300 |b Fotogr. 
611 2 7 |a imm cologne  |d (2006 :  |c Kolín nad Rýnom, Nemecko)  |2 snkbucl  |9 1455972 
650 0 7 |a nábytok  |2 snkbucl  |9 3744 
650 0 7 |a čalúnený nábytok  |2 snkbucl  |9 70157 
773 0 |t Stolársky magazín  |g Roč. 7, č. 4 (2006), s. 44-45  |x 1335-7018 
850 |a Slovenská národná knižnica 
852 |a Slovenská národná knižnica 
958 |a article13 
958 |a OND 
958 |a DE 
958 |a EUIPO 
999 |c 2913166  |d 2915096